Introduction to Law / (Record no. 15083)

MARC details
000 -LEADER
fixed length control field 01690cam a22003615a 4500
001 - CONTROL NUMBER
control field 15663457
005 - DATE AND TIME OF LATEST TRANSACTION
control field 20160721153108.0
008 - FIXED-LENGTH DATA ELEMENTS--GENERAL INFORMATION
fixed length control field 090317s2010 njuab frbd 001 0 eng d
010 ## - LIBRARY OF CONGRESS CONTROL NUMBER
LC control number 2009011329
015 ## - NATIONAL BIBLIOGRAPHY NUMBER
National bibliography number GBA951247
Source bnb
016 7# - NATIONAL BIBLIOGRAPHIC AGENCY CONTROL NUMBER
Record control number 015265245
Source Uk
020 ## - INTERNATIONAL STANDARD BOOK NUMBER
International Standard Book Number 013502434X
020 ## - INTERNATIONAL STANDARD BOOK NUMBER
International Standard Book Number 9780135024348
035 ## - SYSTEM CONTROL NUMBER
System control number (OCoLC)ocn316514582
040 ## - CATALOGING SOURCE
Original cataloging agency DLC
Transcribing agency DLC
Modifying agency EG-ScBUE
-- DLC
Language of cataloging eng
043 ## - GEOGRAPHIC AREA CODE
Geographic area code n-us---
082 04 - DEWEY DECIMAL CLASSIFICATION NUMBER
Classification number 349.73
Edition number 22
Item number HAM
100 1# - MAIN ENTRY--PERSONAL NAME
Personal name Hames, Joanne Banker.
9 (RLIN) 22944
245 10 - TITLE STATEMENT
Title Introduction to Law /
Statement of responsibility, etc Joanne Banker Hames, Yvonne Ekern.
250 ## - EDITION STATEMENT
Edition statement 4th ed.
260 ## - PUBLICATION, DISTRIBUTION, ETC. (IMPRINT)
Place of publication, distribution, etc Upper Saddle River, N.J. :
Name of publisher, distributor, etc Prentice Hall,
Date of publication, distribution, etc c.2010.
300 ## - PHYSICAL DESCRIPTION
Extent xxii, 573 p. :
Other physical details ill., map ;
Dimensions 28 cm.
500 ## - GENERAL NOTE
General note Index : p. 567-573.
500 ## - GENERAL NOTE
General note Glossary : p. 557-566.
504 ## - BIBLIOGRAPHY, ETC. NOTE
Bibliography, etc Includes bibliographical references.
505 0# - FORMATTED CONTENTS NOTE
Formatted contents note Introduction to law -- The U.S. legal system -- The courts and legal personnel -- Finding the law : legal research -- Using the law : analysis and legal writing -- Constitutional law -- Tort law, workers' compensation and environmental law -- Family law -- Wills, trust, and probate -- Contract, real property, intellectual property, and employment law -- The law of business organizations and bankruptcy -- Civil procedure before trial -- Alternative dispute resolution -- Criminal practice : criminal law and juvenile law -- Criminal procedure before trial -- Rules of evidence -- The trial.
650 #7 - SUBJECT ADDED ENTRY--TOPICAL TERM
Topical term or geographic name as entry element Legal assistants
Source of heading or term BUEsh
Geographic subdivision United States.
9 (RLIN) 22945
650 #7 - SUBJECT ADDED ENTRY--TOPICAL TERM
Topical term or geographic name as entry element Law
Source of heading or term BUEsh
Geographic subdivision United States.
9 (RLIN) 22946
651 ## - SUBJECT ADDED ENTRY--GEOGRAPHIC NAME
Source of heading or term BUEsh
653 ## - INDEX TERM--UNCONTROLLED
Resource For college Law
Arrived date list July2016
700 1# - ADDED ENTRY--PERSONAL NAME
Personal name Ekern, Yvonne.
9 (RLIN) 22947
942 ## - ADDED ENTRY ELEMENTS (KOHA)
Source of classification or shelving scheme Dewey Decimal Classification
Item type Book - Borrowing
Edition 22
Call number prefix 349.73 HAM
Holdings
Withdrawn status Item status Source of classification or shelving scheme Damaged status Not for loan Vendor Home library Current library Shelving location Date acquired Total Checkouts Total Renewals Full call number Barcode Date last seen Date last borrowed Koha item type Source of acquisition Checked out Cost, normal purchase price Serial Enumeration / chronology Cost, replacement price
    Dewey Decimal Classification     Baccah Central Library Central Library First floor 07/04/2011 3 3 349.73 HAM 000023180 25/08/2025 25/02/2024 NB - Book (Non borrowing)          
    Dewey Decimal Classification     Baccah Central Library Central Library First floor 07/04/2011 3 7 349.73 HAM 000023179 26/02/2024 26/02/2024 Book - Borrowing   23/03/2024      
    Dewey Decimal Classification     Baccah Central Library Central Library First floor 07/04/2011 4 17 349.73 HAM 000023178 15/07/2025 29/04/2024 Book - Borrowing          
    Dewey Decimal Classification     Baccah Central Library Central Library First floor 21/07/2016 2 1 349.73 HAM 000032883 15/07/2025 27/02/2024 Book - Borrowing Purchase   305.00 26080 381.25
    Dewey Decimal Classification       Central Library Central Library First floor 21/07/2016 7 2 349.73 HAM 000032889 15/07/2025 27/02/2024 Book - Borrowing Purchase   305.00 26080 381.25